[Event "GBR-ch78"]
[Site "Eastbourne"]
[Date "1991.08.03"]
[Round "6.3"]
[White "Wells, Peter K"]
[Black "Emms, John M"]
[Result "1-0"]
[WhiteElo "2465"]
[BlackElo "2425"]
[PlyCount "77"]
[EventDate "1991.07.29"]
[EventType "swiss"]
[EventRounds "11"]
[EventCountry "GBR"]
[SourceTitle "EXT 1997"]
[Source "ChessBase"]
[SourceDate "1996.11.15"]
[SourceVersion "1"]
[SourceVersionDate "1996.11.15"]
[SourceQuality "1"]

1. d4 Nf6 2. c4 e6 3. Nf3 b6 4. g3 Bb7 5. Bg2 Be7 6. O-O O-O 7. Bf4 d6 8. Nc3
Ne4 9. Rc1 Bf6 10. Nxe4 Bxe4 11. Qd2 Nd7 12. Rfd1 Qe7 13. b4 Rad8 14. c5 dxc5
15. Bxc7 Rc8 16. Qf4 Bxf3 17. Bd6 g5 18. Qxf3 Qxd6 19. dxc5 Qe7 20. Rxd7 Qxd7
21. Qxf6 Qd8 22. Qe5 bxc5 23. bxc5 Qd2 24. Rc4 Qd1+ 25. Bf1 Qd5 26. Qc3 Rb8 27.
e4 Qd1 28. Rd4 Qb1 29. c6 Rb2 30. Qc5 h6 31. Rc4 Rxa2 32. Rb4 Qe1 33. c7 Rxf2
34. Qxf8+ Kxf8 35. c8=Q+ Kg7 36. Qc4 Rd2 37. Qc3+ Kh7 38. Qf3 Kg6 39. Rb7 1-0

[Event "GBR-ch78"]
[Site "Eastbourne"]
[Date "1991.08.03"]
[Round "6.4"]
[White "Howell, James C"]
[Black "Rahman, Zillur"]
[Result "1/2-1/2"]
[WhiteElo "2455"]
[BlackElo "2380"]
[PlyCount "66"]
[EventDate "1991.07.29"]
[EventType "swiss"]
[EventRounds "11"]
[EventCountry "GBR"]
[SourceTitle "EXT 1997"]
[Source "ChessBase"]
[SourceDate "1996.11.15"]
[SourceVersion "1"]
[SourceVersionDate "1996.11.15"]
[SourceQuality "1"]

1. e4 c5 2. Nf3 Nc6 3. d4 cxd4 4. Nxd4 Qc7 5. Nc3 e6 6. f4 a6 7. Be2 b5 8. Nxc6
Qxc6 9. Bf3 Bb7 10. e5 Qc7 11. Ne4 Rd8 12. Qd4 Bxe4 13. Qxe4 d5 14. exd6 Bxd6
15. a4 Ne7 16. Be2 O-O 17. axb5 axb5 18. Bxb5 Nd5 19. Bd3 Bb4+ 20. c3 Bxc3+ 21.
bxc3 Qxc3+ 22. Bd2 Qxa1+ 23. Ke2 Nxf4+ 24. Bxf4 Qb2+ 25. Kf3 g6 26. Rd1 Rd5 27.
Be2 Qb3+ 28. Rd3 Rxd3+ 29. Qxd3 Qxd3+ 30. Bxd3 f6 31. h4 Kf7 32. g3 Rc8 33. Kf2
e5 1/2-1/2

[Event "GBR-ch78"]
[Site "Eastbourne"]
[Date "1991.08.03"]
[Round "6.5"]
[White "Parker, Jonathan"]
[Black "Hebden, Mark"]
[Result "0-1"]
[WhiteElo "2335"]
[BlackElo "2485"]
[PlyCount "134"]
[EventDate "1991.07.29"]
[EventType "swiss"]
[EventRounds "11"]
[EventCountry "GBR"]
[SourceTitle "EXT 1997"]
[Source "ChessBase"]
[SourceDate "1996.11.15"]
[SourceVersion "1"]
[SourceVersionDate "1996.11.15"]
[SourceQuality "1"]

1. d4 Nf6 2. c4 g6 3. Nc3 Bg7 4. e4 d6 5. Bd3 O-O 6. Nge2 Nbd7 7. f3 c6 8. Be3
a6 9. O-O b5 10. cxb5 axb5 11. a3 Nb6 12. Qc2 e5 13. dxe5 dxe5 14. Rfd1 Nfd7
15. Na2 Bb7 16. Nec1 Re8 17. Nb3 Bf8 18. Qd2 Nc4 19. Bxc4 bxc4 20. Nbc1 Nc5 21.
Qc2 Qb6 22. Nb4 Qb5 23. Rb1 Bc8 24. Ne2 Be6 25. Nc3 Qb7 26. Nba2 Rad8 27. Qe2
Rxd1+ 28. Qxd1 Rb8 29. Nb4 Nb3 30. Nc2 Be7 31. Qe2 h5 32. Bf2 Nc5 33. Nb4 Nd7
34. Nba2 Qc7 35. Rd1 Bg5 36. Na4 Qa5 37. N2c3 Be7 38. h3 h4 39. Be3 Qc7 40. Qf2
Qa5 41. Qd2 Ra8 42. Bg5 Qd8 43. Bxe7 Qxe7 44. Kf1 Kg7 45. Qf2 Ra5 46. Qd2 Qd8
47. Qf2 Qb8 48. Qc2 Qa7 49. Rd6 Ra6 50. Qd1 Nf6 51. Rd8 Nh5 52. Qd6 Ra5 53.
Qf8+ Kf6 54. Qh8+ Kg5 55. f4+ exf4 56. Qd4 Qxd4 57. Rxd4 f3 58. gxf3 Bxh3+ 59.
Kf2 Be6 60. Nb6 Ra7 61. Nba4 Ra5 62. Rd6 h3 63. Rxc6 Kh4 64. Rc5 Ra8 65. e5 Nf4
66. Kg1 Nd3 67. Rc7 Rxa4 0-1

[Event "GBR-ch78"]
[Site "Eastbourne"]
[Date "1991.08.03"]
[Round "6.6"]
[White "Ward, Chris R"]
[Black "Cooper, John Grantley"]
[Result "1-0"]
[WhiteElo "2435"]
[BlackElo "2370"]
[PlyCount "71"]
[EventDate "1991.07.29"]
[EventType "swiss"]
[EventRounds "11"]
[EventCountry "GBR"]
[SourceTitle "EXT 1997"]
[Source "ChessBase"]
[SourceDate "1996.11.15"]
[SourceVersion "1"]
[SourceVersionDate "1996.11.15"]
[SourceQuality "1"]

1. d4 Nf6 2. c4 g6 3. Nc3 Bg7 4. e4 d6 5. f3 O-O 6. Be3 c6 7. Qd2 a6 8. Bh6
Bxh6 9. Qxh6 e5 10. O-O-O Qe7 11. h4 b5 12. h5 Ra7 13. g4 b4 14. Nce2 d5 15.
Ng3 exd4 16. Qf4 Nbd7 17. g5 Ne8 18. exd5 cxd5 19. cxd5 Rc7+ 20. Kb1 Qc5 21.
Rh2 Qxd5 22. Qxd4 Qxd4 23. Rxd4 Ne5 24. Rxb4 Nd6 25. b3 f6 26. Rb6 Nf5 27. Ne4
fxg5 28. hxg6 Nxg6 29. Bc4+ Kg7 30. Nxg5 h6 31. Ne6+ Bxe6 32. Rxe6 a5 33. Ne2
Rf6 34. Rxf6 Kxf6 35. Nc3 Ke5 36. Re2+ 1-0

[Event "GBR-ch78"]
[Site "Eastbourne"]
[Date "1991.08.03"]
[Round "6.9"]
[White "Hennigan, Michael T"]
[Black "Norwood, David"]
[Result "1-0"]
[WhiteElo "2300"]
[BlackElo "2500"]
[PlyCount "113"]
[EventDate "1991.07.29"]
[EventType "swiss"]
[EventRounds "11"]
[EventCountry "GBR"]
[SourceTitle "EXT 1997"]
[Source "ChessBase"]
[SourceDate "1996.11.15"]
[SourceVersion "1"]
[SourceVersionDate "1996.11.15"]
[SourceQuality "1"]

1. e4 g6 2. d4 d6 3. Nc3 c6 4. Be3 Bg7 5. Nf3 Nf6 6. Qd2 Qa5 7. a3 O-O 8. Be2
e5 9. dxe5 dxe5 10. Rd1 Nbd7 11. h3 Nh5 12. O-O Qc7 13. Qd6 Qxd6 14. Rxd6 Nf4
15. Rfd1 Nxe2+ 16. Nxe2 Nb6 17. b3 h6 18. a4 Be6 19. Nc1 Kh7 20. Bc5 Rfb8 21.
R6d2 f6 22. Rd6 Re8 23. a5 Nc8 24. Rd8 Rxd8 25. Rxd8 f5 26. Nxe5 Bxe5 27. Re8
Bb2 28. Nd3 Bf7 29. Rf8 Kg7 30. Nxb2 b6 31. Bd6 bxa5 32. e5 Nb6 33. Rxa8 Nxa8
34. Bb8 a6 35. Na4 g5 36. f3 f4 37. Kf2 Kg6 38. Ke2 Kf5 39. Kd3 h5 40. c4 g4
41. h4 Be6 42. Kd4 Kg6 43. Kc5 gxf3 44. gxf3 Bg4 45. Kd6 Bxf3 46. e6 Bg4 47.
Ba7 f3 48. Nc3 Bf5 49. Bd4 Bc2 50. Kd7 Bf5 51. Nd1 Bh3 52. Nf2 Bf5 53. Nh1 Bh3
54. Ng3 Bg4 55. c5 Bxe6+ 56. Kxe6 Nc7+ 57. Kd7 1-0

[Event "GBR-ch78"]
[Site "Eastbourne"]
[Date "1991.08.03"]
[Round "6.10"]
[White "Clarke, Stuart W"]
[Black "Anagnostopoulos, Dimitrios"]
[Result "0-1"]
[WhiteElo "2335"]
[BlackElo "2395"]
[PlyCount "40"]
[EventDate "1991.07.29"]
[EventType "swiss"]
[EventRounds "11"]
[EventCountry "GBR"]
[SourceTitle "EXT 1997"]
[Source "ChessBase"]
[SourceDate "1996.11.15"]
[SourceVersion "1"]
[SourceVersionDate "1996.11.15"]
[SourceQuality "1"]

1. e4 d6 2. d4 Nf6 3. Nc3 g6 4. Bc4 Nc6 5. Nf3 Bg7 6. Qe2 Bg4 7. Be3 O-O 8. Bb3
e5 9. dxe5 dxe5 10. Bc5 Nd4 11. Qe3 Bxf3 12. gxf3 Nd7 13. Bxf8 Qxf8 14. Ne2 Bh6
15. f4 c5 16. Nxd4 exd4 17. Qe2 Bxf4 18. h4 Ne5 19. h5 c4 20. hxg6 hxg6 0-1

[Event "GBR-ch78"]
[Site "Eastbourne"]
[Date "1991.08.03"]
[Round "6.11"]
[White "Mortazavi, Ali"]
[Black "Basman, Michael J"]
[Result "1/2-1/2"]
[WhiteElo "2275"]
[BlackElo "2365"]
[PlyCount "76"]
[EventDate "1991.07.29"]
[EventType "swiss"]
[EventRounds "11"]
[EventCountry "GBR"]
[SourceTitle "EXT 1997"]
[Source "ChessBase"]
[SourceDate "1996.11.15"]
[SourceVersion "1"]
[SourceVersionDate "1996.11.15"]
[SourceQuality "1"]

1. d4 b6 2. c4 Bb7 3. Nc3 e5 4. dxe5 Nc6 5. Nf3 Nge7 6. Nd5 Ng6 7. Bg5 Qc8 8.
g3 Bc5 9. Bg2 O-O 10. O-O Re8 11. Qc2 a5 12. Rad1 Ncxe5 13. Nd4 a4 14. Nf5 c6
15. Nc3 Nxc4 16. Bh3 Re6 17. Ne4 Rxe4 18. Qxe4 d5 19. Qc2 Qe8 20. b3 Nce5 21.
Be3 axb3 22. axb3 Bxe3 23. Nxe3 Rd8 24. Bg2 Ba6 25. Rfe1 d4 26. Nf5 c5 27. b4
Bb5 28. bxc5 Ba4 29. Qc1 Bxd1 30. Rxd1 bxc5 31. Qxc5 d3 32. exd3 Rxd3 33. Ra1
Rd8 34. h4 Nd3 35. Qb6 Rb8 36. Qa7 Rd8 37. h5 Nge5 38. Qe3 h6 1/2-1/2

[Event "GBR-ch78"]
[Site "Eastbourne"]
[Date "1991.08.03"]
[Round "6.12"]
[White "Coleman, David J"]
[Black "Jackson, Oliver"]
[Result "0-1"]
[WhiteElo "2265"]
[BlackElo "2345"]
[PlyCount "182"]
[EventDate "1991.07.29"]
[EventType "swiss"]
[EventRounds "11"]
[EventCountry "GBR"]
[SourceTitle "EXT 1997"]
[Source "ChessBase"]
[SourceDate "1996.11.15"]
[SourceVersion "1"]
[SourceVersionDate "1996.11.15"]
[SourceQuality "1"]

1. e4 c5 2. Nf3 e6 3. d4 cxd4 4. Nxd4 a6 5. Bd3 Nc6 6. Nxc6 dxc6 7. f4 e5 8.
O-O Bc5+ 9. Kh1 Nf6 10. f5 h5 11. Qe1 h4 12. Nc3 Nh5 13. Ne2 Bd7 14. Rf3 Qe7
15. Be3 Bxe3 16. Rxe3 Qc5 17. Rf3 Nf6 18. b4 Qe7 19. Rb1 c5 20. bxc5 Bc6 21.
Qb4 Rd8 22. h3 Nd7 23. Qd2 Nxc5 24. Qe3 Rh6 25. Rbf1 Nxd3 26. cxd3 Rhd6 27. Nc1
Bb5 28. f6 gxf6 29. Qf2 Rc8 30. Qxh4 Rc2 31. Qh6 Qf8 32. Qe3 Ke7 33. h4 Qh8 34.
Rh3 Bd7 35. Rh2 Qh5 36. Kg1 Rdc6 37. Kh1 a5 38. Nb3 a4 39. Na5 Rc7 40. Nc4 b5
41. Nb6 Be6 42. Qg1 Bxa2 43. Nd5+ Bxd5 44. exd5 Qh6 45. g3 Rxh2+ 46. Kxh2 Qd2+
47. Kh3 Qxd3 48. Qf2 f5 49. Re1 Qc3 50. Re2 f4 51. Qxf4 Kd6 52. Qf6+ Kxd5 53.
Rd2+ Kc4 54. Re2 Kb3 55. Rxe5 Qd3 56. h5 a3 57. Rf5 Qd7 58. g4 Rc3+ 59. Rf3 b4
60. Rxc3+ bxc3 61. Qb6+ Kc2 62. Qf2+ Kb1 63. Qb6+ Kc1 64. Qb3 Qd3+ 65. Kh4 a2
66. Qxa2 c2 67. Qa1+ Kd2 68. Qa5+ Ke2 69. Qc5 Kd1 70. Qg1+ Kd2 71. Qf2+ Qe2 72.
Qd4+ Ke1 73. Qg1+ Kd2 74. Qd4+ Qd3 75. Qf2+ Kc3 76. Qc5+ Qc4 77. Qa3+ Kd2 78.
Qd6+ Qd3 79. Qh2+ Qe2 80. Qf4+ Kd1 81. Qd4+ Qd2 82. Qa4 f6 83. Kh3 Qe3+ 84. Kg2
Qe2+ 85. Kg3 Ke1 86. Qb4+ Qd2 87. Qe4+ Kd1 88. Qf3+ Qe2 89. Qd5+ Ke1 90. Qa5+
Qd2 91. Qa8 Qf2+ 0-1

[Event "GBR-ch78"]
[Site "Eastbourne"]
[Date "1991.08.03"]
[Round "6.13"]
[White "Rogers, Jonathan"]
[Black "Walker, David"]
[Result "1-0"]
[WhiteElo "2245"]
[BlackElo "2345"]
[PlyCount "95"]
[EventDate "1991.07.29"]
[EventType "swiss"]
[EventRounds "11"]
[EventCountry "GBR"]
[SourceTitle "EXT 1997"]
[Source "ChessBase"]
[SourceDate "1996.11.15"]
[SourceVersion "1"]
[SourceVersionDate "1996.11.15"]
[SourceQuality "1"]

1. e4 e6 2. d4 d5 3. Nc3 Bb4 4. Qd3 dxe4 5. Qxe4 Nf6 6. Qh4 Nd5 7. Qxd8+ Kxd8
8. Bd2 Nxc3 9. bxc3 Bd6 10. Bd3 Nd7 11. f4 Nf6 12. Nf3 Bd7 13. Ne5 Ke7 14. O-O
Rhe8 15. Rab1 Rab8 16. g4 Bxe5 17. fxe5 Nxg4 18. h3 Nh6 19. Bg5+ Kf8 20. Bxh6
gxh6 21. Rf6 Ke7 22. Kf2 c5 23. Rg1 b5 24. Rg7 Rf8 25. Ke3 b4 26. dxc5 bxc3 27.
Kd4 Rb2 28. Rxh6 Rxa2 29. Rhxh7 Ra4+ 30. Kxc3 Bc6 31. Bc4 Bd5 32. Bxd5 exd5 33.
Rg4 Ra5 34. Kd4 Ra1 35. Kxd5 Rd8+ 36. Kc4 Rd2 37. Kb3 Rf2 38. Rc4 Re1 39. c6
Rf3+ 40. c3 Rb1+ 41. Kc2 Rb8 42. Ra4 Ra8 43. Ra5 a6 44. c7 Rc8 45. Rc5 a5 46.
Kb3 Rd3 47. Rc6 Re3 48. Rf6 1-0

[Event "GBR-ch78"]
[Site "Eastbourne"]
[Date "1991.08.03"]
[Round "6.14"]
[White "Ledger, Andrew"]
[Black "Rosenberg, Daniel"]
[Result "1/2-1/2"]
[WhiteElo "2345"]
[BlackElo "2230"]
[PlyCount "56"]
[EventDate "1991.07.29"]
[EventType "swiss"]
[EventRounds "11"]
[EventCountry "GBR"]
[SourceTitle "EXT 1997"]
[Source "ChessBase"]
[SourceDate "1996.11.15"]
[SourceVersion "1"]
[SourceVersionDate "1996.11.15"]
[SourceQuality "1"]

1. Nf3 Nf6 2. g3 g6 3. Bg2 Bg7 4. O-O O-O 5. d4 d6 6. Nbd2 Nbd7 7. e4 e5 8. c3
c6 9. Qc2 Qc7 10. b3 b5 11. a4 Bb7 12. Bb2 a6 13. c4 bxc4 14. Qxc4 Nxe4 15.
Nxe4 d5 16. Qc2 dxe4 17. Nxe5 Nxe5 18. dxe5 Bxe5 19. Bxe5 Qxe5 20. Bxe4 Rfe8
21. Rfe1 Rab8 22. Rad1 c5 23. Bxb7 Qxe1+ 24. Rxe1 Rxe1+ 25. Kg2 Rxb7 26. Qxc5
Rxb3 27. Qc8+ Kg7 28. Qxa6 Ra3 1/2-1/2

[Event "GBR-ch78"]
[Site "Eastbourne"]
[Date "1991.08.03"]
[Round "6.15"]
[White "McDonald, Neil R"]
[Black "Rossiter, Philip J"]
[Result "1-0"]
[WhiteElo "2390"]
[BlackElo "2320"]
[PlyCount "77"]
[EventDate "1991.07.29"]
[EventType "swiss"]
[EventRounds "11"]
[EventCountry "GBR"]
[SourceTitle "EXT 1997"]
[Source "ChessBase"]
[SourceDate "1996.11.15"]
[SourceVersion "1"]
[SourceVersionDate "1996.11.15"]
[SourceQuality "1"]

1. e4 c5 2. Nf3 e6 3. d4 cxd4 4. Nxd4 Nf6 5. Nc3 d6 6. Be2 Be7 7. O-O O-O 8. f4
Nc6 9. Be3 a6 10. Qe1 Qc7 11. Qg3 Nxd4 12. Bxd4 b5 13. e5 dxe5 14. fxe5 Bc5 15.
Rad1 Nd7 16. Ne4 Bxd4+ 17. Rxd4 Qxe5 18. Qf2 f5 19. Nd6 Nf6 20. Bf3 Nd5 21.
Nxc8 Raxc8 22. Re1 Qc7 23. Rxe6 Nf6 24. c3 Ng4 25. Qg3 Qc5 26. Qd6 Qxd6 27.
Rdxd6 b4 28. cxb4 Rc2 29. h3 Nf6 30. Re2 Rfc8 31. Rxa6 Rxe2 32. Bxe2 Ne4 33.
Bd3 Rc1+ 34. Kh2 Kf7 35. b5 Nc5 36. Rc6 Ke7 37. Bxf5 g6 38. Bg4 h5 39. Bf3 1-0

[Event "GBR-ch78"]
[Site "Eastbourne"]
[Date "1991.08.03"]
[Round "6.16"]
[White "McLaren, Leonard"]
[Black "Dishman, Stephen"]
[Result "1/2-1/2"]
[WhiteElo "2250"]
[BlackElo "2360"]
[PlyCount "32"]
[EventDate "1991.07.29"]
[EventType "swiss"]
[EventRounds "11"]
[EventCountry "GBR"]
[SourceTitle "EXT 1997"]
[Source "ChessBase"]
[SourceDate "1996.11.15"]
[SourceVersion "1"]
[SourceVersionDate "1996.11.15"]
[SourceQuality "1"]

1. e4 d6 2. d4 g6 3. Nf3 Bg7 4. Be2 Nf6 5. Nc3 O-O 6. O-O Bg4 7. Be3 Nc6 8. Qd2
e5 9. dxe5 dxe5 10. Rad1 Qc8 11. Qc1 Rd8 12. Rxd8+ Nxd8 13. h3 Bxf3 14. Bxf3
Ne6 15. Nd5 Nxd5 16. exd5 Nd4 1/2-1/2

[Event "GBR-ch78"]
[Site "Eastbourne"]
[Date "1991.08.03"]
[Round "6.17"]
[White "Mordue, A Tyson"]
[Black "Collinson, Adam"]
[Result "1/2-1/2"]
[WhiteElo "2210"]
[BlackElo "2325"]
[PlyCount "59"]
[EventDate "1991.07.29"]
[EventType "swiss"]
[EventRounds "11"]
[EventCountry "GBR"]
[SourceTitle "EXT 1997"]
[Source "ChessBase"]
[SourceDate "1996.11.15"]
[SourceVersion "1"]
[SourceVersionDate "1996.11.15"]
[SourceQuality "1"]

1. e4 c5 2. Nf3 d6 3. d4 cxd4 4. Nxd4 Nf6 5. Nc3 a6 6. Bg5 e6 7. f4 Qb6 8. Qd2
Qxb2 9. Nb3 Qa3 10. Bxf6 gxf6 11. Be2 h5 12. O-O Nc6 13. Kh1 Bd7 14. Qe3 Rc8
15. Nb1 Qb2 16. N1d2 d5 17. exd5 Nb4 18. dxe6 fxe6 19. Nc4 Nd5 20. Qe4 f5 21.
Qxd5 exd5 22. Nxb2 Rxc2 23. Rfe1 Rxb2 24. Bxa6+ Kd8 25. Bxb7 d4 26. Rab1 Rxb1
27. Rxb1 Bg7 28. Nc5 Rh6 29. a4 Bf8 30. Nd3 1/2-1/2

[Event "GBR-ch78"]
[Site "Eastbourne"]
[Date "1991.08.03"]
[Round "6.18"]
[White "Forbes, Cathy"]
[Black "Summerscale, Aaron"]
[Result "0-1"]
[WhiteElo "2140"]
[BlackElo "2325"]
[PlyCount "70"]
[EventDate "1991.07.29"]
[EventType "swiss"]
[EventRounds "11"]
[EventCountry "GBR"]
[SourceTitle "EXT 1997"]
[Source "ChessBase"]
[SourceDate "1996.11.15"]
[SourceVersion "1"]
[SourceVersionDate "1996.11.15"]
[SourceQuality "1"]

1. d4 d5 2. Nf3 Nf6 3. Bf4 c5 4. e3 Qb6 5. Nc3 Bf5 6. Bb5+ Nc6 7. dxc5 Qxc5 8.
Nd4 Bd7 9. Nb3 Qb6 10. Nxd5 Nxd5 11. Qxd5 e6 12. Qh5 g6 13. Qe2 Bg7 14. O-O-O
e5 15. Bg5 h6 16. Bh4 Be6 17. Bc4 Bxc4 18. Qxc4 O-O 19. Rd7 Rac8 20. Qc5 Qa6
21. Qa3 Qc4 22. Bg3 Nb4 23. c3 Qe4 24. Na1 Nd3+ 25. Kd2 Qxg2 26. Rd1 Nc5 27.
Ke2 Nxd7 28. Rxd7 Qc6 29. Rd6 Qc4+ 30. Ke1 Rcd8 31. Nb3 Qc7 32. Rxd8 Rxd8 33.
Qxa7 Qc6 34. Ke2 Qh1 35. Nd2 Qd5 0-1

[Event "GBR-ch78"]
[Site "Eastbourne"]
[Date "1991.08.03"]
[Round "6.19"]
[White "Thipsay, Bagyashree Sathe"]
[Black "Parr, Frank"]
[Result "1-0"]
[WhiteElo "2185"]
[BlackElo "2315"]
[PlyCount "59"]
[EventDate "1991.07.29"]
[EventType "swiss"]
[EventRounds "11"]
[EventCountry "GBR"]
[SourceTitle "EXT 1997"]
[Source "ChessBase"]
[SourceDate "1996.11.15"]
[SourceVersion "1"]
[SourceVersionDate "1996.11.15"]
[SourceQuality "1"]

1. e4 d6 2. d4 Nf6 3. Nc3 g6 4. f4 Bg7 5. Nf3 c5 6. dxc5 Qa5 7. Bd3 Qxc5 8. Qe2
Bg4 9. Be3 Qa5 10. O-O Nc6 11. a3 Nd7 12. Qd2 Qd8 13. Rae1 O-O 14. Kh1 Rc8 15.
Ng1 Qa5 16. f5 gxf5 17. exf5 f6 18. Rf4 Nde5 19. h3 Bh5 20. Rh4 Nxd3 21. Qxd3
Bf7 22. Bd2 Kh8 23. Nf3 Rg8 24. Nb5 Qd8 25. Qe4 Qf8 26. g4 a6 27. Nbd4 Nd8 28.
g5 Be8 29. g6 h6 30. Qxe7 1-0

[Event "GBR-ch78"]
[Site "Eastbourne"]
[Date "1991.08.03"]
[Round "6.23"]
[White "Arkell, Keith C"]
[Black "Jones, Andrew"]
[Result "1-0"]
[WhiteElo "2455"]
[BlackElo "2250"]
[PlyCount "65"]
[EventDate "1991.07.29"]
[EventType "swiss"]
[EventRounds "11"]
[EventCountry "GBR"]
[SourceTitle "EXT 1997"]
[Source "ChessBase"]
[SourceDate "1996.11.15"]
[SourceVersion "1"]
[SourceVersionDate "1996.11.15"]
[SourceQuality "1"]

1. d4 d5 2. c4 c6 3. Nf3 Nf6 4. Nc3 dxc4 5. a4 Bf5 6. Nh4 Be6 7. e4 Na6 8. Nf3
h6 9. Ne5 g6 10. Nxc4 Bg7 11. Be2 O-O 12. O-O Nb4 13. a5 Bxc4 14. Bxc4 b5 15.
axb6 axb6 16. Rxa8 Qxa8 17. Qb3 c5 18. e5 Ne8 19. dxc5 bxc5 20. Na4 Nc6 21. e6
fxe6 22. Nxc5 Nd4 23. Qd3 Qc6 24. b4 Kh7 25. Be3 e5 26. Bxd4 exd4 27. Ne6 Rf5
28. Nxg7 Nxg7 29. Qxd4 Rg5 30. g3 Nf5 31. Qd3 Nh4 32. f3 Rg4 33. Ba2 1-0

[Event "GBR-ch78"]
[Site "Eastbourne"]
[Date "1991.08.03"]
[Round "6.29"]
[White "Baker, Chris W"]
[Black "Parveen, Tanima"]
[Result "1-0"]
[WhiteElo "2270"]
[BlackElo "2005"]
[PlyCount "51"]
[EventDate "1991.07.29"]
[EventType "swiss"]
[EventRounds "11"]
[EventCountry "GBR"]
[SourceTitle "EXT 1997"]
[Source "ChessBase"]
[SourceDate "1996.11.15"]
[SourceVersion "1"]
[SourceVersionDate "1996.11.15"]
[SourceQuality "1"]

1. e4 e5 2. Nf3 Nc6 3. Bb5 a6 4. Ba4 Nf6 5. O-O b5 6. Bb3 Be7 7. d4 exd4 8. e5
Ne4 9. Bd5 Nc5 10. Nxd4 Bb7 11. Nf5 O-O 12. Bh6 gxh6 13. Qg4+ Bg5 14. Bxc6 Bxc6
15. h4 Kh8 16. f4 Rg8 17. fxg5 Qf8 18. Nc3 Ne6 19. Qh5 Ng7 20. Qxh6 Qc5+ 21.
Kh2 Qxe5+ 22. Ng3 Raf8 23. Rae1 Qc5 24. Rf6 Ne6 25. Qxh7+ Kxh7 26. Rh6+ 1-0

[Event "GBR-ch78"]
[Site "Eastbourne"]
[Date "1991.08.05"]
[Round "7.1"]
[White "Hodgson, Julian M"]
[Black "Ward, Chris R"]
[Result "1-0"]
[WhiteElo "2570"]
[BlackElo "2435"]
[PlyCount "107"]
[EventDate "1991.07.29"]
[EventType "swiss"]
[EventRounds "11"]
[EventCountry "GBR"]
[SourceTitle "EXT 1997"]
[Source "ChessBase"]
[SourceDate "1996.11.15"]
[SourceVersion "1"]
[SourceVersionDate "1996.11.15"]
[SourceQuality "1"]

1. d4 Nf6 2. Bg5 e6 3. e4 c5 4. e5 h6 5. Bc1 Nd5 6. c4 Nb6 7. dxc5 Bxc5 8. Nf3
d5 9. exd6 Qxd6 10. Bd2 O-O 11. Nc3 f5 12. a3 a5 13. Be3 Qe7 14. Bxc5 Qxc5 15.
Qd4 Qxd4 16. Nxd4 e5 17. Ndb5 Na6 18. O-O-O Bd7 19. Nd5 Nxd5 20. Rxd5 Bc6 21.
Rxe5 Rae8 22. Rxe8 Rxe8 23. Nd4 Nc5 24. b4 axb4 25. axb4 Ne4 26. f3 Nf2 27. Rg1
Re1+ 28. Kd2 Rd1+ 29. Ke3 Nd3 30. Nxc6 bxc6 31. Ke2 Nb2 32. b5 cxb5 33. cxb5 f4
34. g3 Rd5 35. Kf2 Rd2+ 36. Be2 Nd3+ 37. Kf1 Kf8 38. Rg2 Nc5 39. gxf4 Ne6 40.
Bc4 Rxg2 41. Kxg2 Nxf4+ 42. Kg3 Nh5+ 43. Kg4 g6 44. b6 Nf6+ 45. Kf4 Ke7 46. b7
Nd7 47. Bb5 Nb8 48. Ke5 g5 49. h3 h5 50. Kd5 Kd8 51. Kd6 g4 52. fxg4 h4 53. g5
Nd7 54. g6 1-0

[Event "GBR-ch78"]
[Site "Eastbourne"]
[Date "1991.08.05"]
[Round "7.2"]
[White "Hebden, Mark"]
[Black "Wells, Peter K"]
[Result "0-1"]
[WhiteElo "2485"]
[BlackElo "2465"]
[PlyCount "100"]
[EventDate "1991.07.29"]
[EventType "swiss"]
[EventRounds "11"]
[EventCountry "GBR"]
[SourceTitle "EXT 1997"]
[Source "ChessBase"]
[SourceDate "1996.11.15"]
[SourceVersion "1"]
[SourceVersionDate "1996.11.15"]
[SourceQuality "1"]

1. d4 Nf6 2. Nf3 e6 3. c4 b6 4. g3 Ba6 5. b3 Bb4+ 6. Bd2 Be7 7. Bg2 c6 8. Bc3
d5 9. Nbd2 Nbd7 10. O-O O-O 11. Re1 c5 12. cxd5 exd5 13. a3 Re8 14. b4 Bf8 15.
e3 Bd3 16. Ne5 Nxe5 17. dxe5 Ne4 18. Nxe4 dxe4 19. bxc5 bxc5 20. Qg4 Qd5 21. f3
Qb3 22. Rec1 Bc2 23. fxe4 Qxc3 24. Qe2 Rad8 25. Qxc2 Qxe3+ 26. Qf2 Qxf2+ 27.
Kxf2 Rd2+ 28. Kf3 Rxe5 29. Rd1 Rxd1 30. Rxd1 c4 31. Rc1 Rc5 32. Rc3 Ra5 33. Bf1
Rxa3 34. Rxa3 Bxa3 35. Bxc4 Bd6 36. Ke3 Be5 37. Ba6 Kf8 38. Kf3 Ke7 39. h4 Kf6
40. g4 Bc7 41. Bc4 a5 42. g5+ Ke7 43. Bb3 Be5 44. h5 Bc3 45. Kf4 Bd2+ 46. Kg4
f6 47. h6 g6 48. Bg8 Bxg5 49. Bxh7 Kf7 50. e5 Bxh6 0-1

[Event "GBR-ch78"]
[Site "Eastbourne"]
[Date "1991.08.05"]
[Round "7.3"]
[White "Mishra, Neeraj Kumar"]
[Black "Barua, Dibyendu"]
[Result "0-1"]
[WhiteElo "2375"]
[BlackElo "2550"]
[PlyCount "76"]
[EventDate "1991.07.29"]
[EventType "swiss"]
[EventRounds "11"]
[EventCountry "GBR"]
[SourceTitle "EXT 1997"]
[Source "ChessBase"]
[SourceDate "1996.11.15"]
[SourceVersion "1"]
[SourceVersionDate "1996.11.15"]
[SourceQuality "1"]

1. d4 d5 2. Nf3 Nf6 3. c4 dxc4 4. Qa4+ Qd7 5. Qxc4 Qc6 6. e3 Qxc4 7. Bxc4 Bf5
8. Nc3 c6 9. O-O e6 10. Re1 Nbd7 11. e4 Bg4 12. Bf4 Bxf3 13. gxf3 g5 14. Bg3
Nh5 15. d5 Nxg3 16. hxg3 Ne5 17. Be2 h5 18. dxe6 fxe6 19. Kg2 Bc5 20. Rad1 h4
21. Rh1 Ke7 22. Rh3 Raf8 23. Rf1 b5 24. a4 a6 25. Rhh1 Rf7 26. axb5 axb5 27.
Ra1 Rhf8 28. gxh4 g4 29. fxg4 Rxf2+ 30. Kh3 Ng6 31. h5 Nf4+ 32. Kh4 Nxe2 33.
Nxe2 Rxe2 34. Ra6 Bf2+ 35. Kg5 Rxe4 36. Rxc6 Rg8+ 37. Kh6 Rexg4 38. Rc7+ Kd6
0-1

[Event "GBR-ch78"]
[Site "Eastbourne"]
[Date "1991.08.05"]
[Round "7.4"]
[White "Thipsay, Praveen Mahadeo"]
[Black "Howell, James C"]
[Result "1-0"]
[WhiteElo "2490"]
[BlackElo "2455"]
[PlyCount "61"]
[EventDate "1991.07.29"]
[EventType "swiss"]
[EventRounds "11"]
[EventCountry "GBR"]
[SourceTitle "EXT 1997"]
[Source "ChessBase"]
[SourceDate "1996.11.15"]
[SourceVersion "1"]
[SourceVersionDate "1996.11.15"]
[SourceQuality "1"]

1. e4 e5 2. Nf3 Nf6 3. Nxe5 d6 4. Nc4 Nxe4 5. Nc3 Nxc3 6. bxc3 d5 7. Ne3 g6 8.
d4 Bg7 9. Ba3 Bf8 10. Bxf8 Kxf8 11. Bd3 Be6 12. O-O Kg7 13. Rb1 Nd7 14. f4 f5
15. g4 fxg4 16. f5 gxf5 17. Bxf5 Qg5 18. Qxg4 Qxg4+ 19. Nxg4 Bxf5 20. Rxf5 Rhb8
21. Rxd5 Nb6 22. Rg5+ Kh8 23. Nh6 Rf8 24. Re1 Rf6 25. Re6 Rg6 26. Nf7+ Kg7 27.
Rgxg6+ hxg6 28. Ne5 Nd5 29. c4 Nf4 30. Re7+ Kf6 31. Rf7+ 1-0